000 00458nam a22001697a 4500
080 _a340.11 An 43
100 _aAngeli, Franco
245 _aLògica, Informatica y Diritto
_bDall Informatica Giuridica alle Nuove Tecniche Legislative
260 _aMilan
_bAngeli, Franco
_c2000
300 _a361 P:
650 _xlògica
650 _xinformàtica
700 _aMartino, Antonio A.
700 _aChini, Antonio
945 _acd
_d2015-10-01
999 _c4175
_d234679
942 _6_